Statistics for Flags By Letter - E

Click here to take the quiz!

General Stats

  • This quiz has been taken 35 times
  • The average score is 6 of 8

Answer Stats

Answer% Correct
Egypt
100%
European Union
97%
Ethiopia
90%
Ecuador
87%
England
80%
East Germany
77%
Easter Island
43%
East Turkestan
17%

Score Distribution

Percentile by Number Answered

Percent of People with Each Score

Your Score History

You have not taken this quiz